Investoři startují spolupráce Asie so střední Evropou
Rast záujmu podnikateľov z južnej a juhovýchodnej Ázie o obchodnú spoluprácu so štátmi strednej Európy. Záznam z konferencie Nadace Bohemiae o budúcom vývoji obchodu a investícií. Prijaté investície zo štátov juhovýchodnej Ázie. Priame investície v strednej Európe.
Guardado en:
| Autor principal: | |
|---|---|
| Formato: | Libro |
| Lenguaje: | checo |
| Materias: | |
| Etiquetas: |
Sin Etiquetas, Sea el primero en etiquetar este registro!
|
MARC
| LEADER | 00000nam a2200000 4500 | ||
|---|---|---|---|
| 001 | r030353 | ||
| 005 | 20230920094307.9 | ||
| 041 | 0 | |a cze | |
| 044 | |a CZ | ||
| 245 | 1 | 0 | |a Investoři startují |b spolupráce Asie so střední Evropou |c Ivana Dostálová |
| 520 | |a Rast záujmu podnikateľov z južnej a juhovýchodnej Ázie o obchodnú spoluprácu so štátmi strednej Európy. Záznam z konferencie Nadace Bohemiae o budúcom vývoji obchodu a investícií. Prijaté investície zo štátov juhovýchodnej Ázie. Priame investície v strednej Európe. | ||
| 610 | 2 | 0 | |a investície |
| 610 | 2 | 0 | |a investície zahraničné |
| 610 | 2 | 0 | |a investície priame zahraničné |
| 610 | 2 | 0 | |a Ázia |
| 610 | 2 | 0 | |a stredná Európa |
| 100 | 1 | |a Dostálová, Ivana | |